000 00233nam a2200097Ia 4500
001 712120
005 20250826162821.0
008 250824s9999 xx 000 0 und d
245 0 _aDÜNYA EVİ
_cORHAN KEMAL
260 _bEVEREST YAYINLARI
999 _c712120
_d712120